Cycling Monuments and Classics - Statistics

General Stats
  • This quiz has been taken 353 times
  • The average score is 10 of 30
Answer Stats
Hint Answer % Correct
Italian spring classic Milano - San Remo
92%
Cobbled classics Paris - Roubaix
92%
Cobbled classics Tour of Flanders
85%
Ardennes classics Liège - Bastogne - Liège
81%
Ardennes classics Amstel Gold Race
74%
Autumn classics Giro di Lombardia
65%
Italian spring classic Strade Bianche
64%
Ardennes classics La Flèche Wallonne
53%
Cobbled classics Gent - Wevelgem
52%
Cobbled classics E3 Harelbeke
49%
Season opener Omloop Het Nieuwsblad
37%
Summer classics Clásica de San Sebastián
36%
Autumn classics Paris - Tours
33%
Autumn classics Milano - Torino
25%
Summer classics Grand Prix Cycliste de Montréal
24%
Summer classics Grand Prix Cycliste de Québec
21%
Season opener Kuurne - Brussels - Kuurne
16%
Summer classics Bretagne Classic
14%
Autumn classics Giro dell'Emilia
14%
Summer classics Tre Valli Varesine
8%
Summer classics Bemer Cyclassics
7%
Autumn classics Japan Cup
7%
Autumn classics Giro del Piemonte
5%
Season opener Trofeo Laigueglia
5%
Summer classics Coppa Bernocchi
4%
Autumn classics Brussels Cycling Classic
3%
Summer classics Grand Prix de Fourmies
1%
Season opener Grand Prix d'Ouverture La Marseillaise
1%
Summer classics Coppa Ugo Agostoni
0%
Season opener Trofeo Pollença
0%
No matching quizzes found
Score Distribution
Percent of People with Each Score
Percentile by Number Answered
Your Score History
You have not taken this quiz